Countries That End in "A" Part 1 - Statistics

General Stats
  • This quiz has been taken 43 times
  • The average score is 19 of 25
Answer Stats
Hint Answer % Correct
A Albania
97%
A Australia
92%
A Armenia
89%
A Austria
89%
C Canada
89%
E Estonia
89%
A Algeria
84%
A Andorra
84%
A Angola
81%
A Argentina
81%
C Cambodia
81%
C China
81%
B Bolivia
78%
B Bulgaria
78%
C Colombia
78%
A Antigua and Barbuda
73%
D Dominica
73%
E Eritrea
73%
E Ethiopia
70%
B Bosnia
68%
C Costa Rica
65%
C Croatia
59%
B Botswana
54%
C Cuba
54%
E Equatorial Guinea
46%
No matching quizzes found
Score Distribution
Percent of People with Each Score
Percentile by Number Answered
Your Score History
You have not taken this quiz